| 000 | 00753cab a22002175a 4500 | ||
|---|---|---|---|
| 001 | L157371 | ||
| 008 | 121115e20120915xxk 000 0 eng d | ||
| 035 | _a(Sirsi) u157371 | ||
| 041 | 0 | _aeng | |
| 100 | 1 | _aMeadwell, Stacey | |
| 245 | 0 | 0 |
_aFocus _bSouth West |
| 260 | _c2012 | ||
| 490 |
_aEstates Gazette _v(1237) 15 September 2012, 105-119(10) |
||
| 520 | _aFeatures information about Bristol's office development market which is ready for revival, key development plans in Exeter and Plymouth and occupier demand which is falling with the exception of industrial interest. | ||
| 590 | _aKA | ||
| 651 | 4 |
_aSouth West (England) _y1994- |
|
| 690 |
_aCommercial property _96227 |
||
| 700 | 1 | _aSidders, Jack | |
| 700 | 1 | _aThame, David | |
| 942 | _n0 | ||
| 999 |
_c84359 _d84359 |
||